Historical People #1 - Statistics

General Stats
  • This quiz has been taken 46 times
  • The average score is 9 of 20
Answer Stats
Person Answer % Correct
1) Alexander the Great
100%
16) Joan of Arc
82%
4) Ivan the Terrible
82%
2) Attila the Hun
77%
9) Vlad the Impaler
70%
7) William the Conqueror
66%
8) Richard the Lionheart
59%
19) Mary Queen of Scots
52%
15) Erik the Red
45%
3) Robert the Bruce
43%
11) Edward the Confessor
43%
13) Suleiman the Magnificent
39%
14) Æthelred the Unready
39%
6) Pepin the Short
23%
17) Augustus II the Strong
11%
12) Alfred the Wise
11%
20) St Michael the Archangel
9%
18) Charles VI the Mad
5%
5) Basil I the Fool
0%
10) Louis II the Stammerer
0%
No matching quizzes found
Score Distribution
Percent of People with Each Score
Percentile by Number Answered
Your Score History
You have not taken this quiz